Nový přehled minerálů České republiky a jejich lokalit : kompletní přehled 1458 minerálů České republiky s uvedením jejich nejvýznamnějších lokalit = Neue Mineralien Überzicht in der Tschechischen Republik und ihre Lokalitäten. Část 3., Silikáty, organoidy, literatura /

Hlavní autor: Pauliš, Petr, 1956-
Jazyk: Čeština
Vydáno: Kutná Hora : Kuttna, 2021
Vydání: 3. doplněné a rozšířené vydání
Témata:
Fyzický popis: Strany 242-368 : ilustrace ; 21 cm
Knihy
Uloženo v:
LEADER 02038nam a2200493 i 4500
001 nkc20213302369
003 CZ PrNK
005 20210503114724.0
007 ta
008 210114s2021 xr a f 001 0 cze
015 |a cnb003302369 
020 |a 978-80-86406-90-9  |q (soubor) 
020 |a 978-80-86406-89-3  |q (brožováno) 
035 |a (OCoLC)1240908096 
040 |a ABA001  |b cze  |e rda 
043 |a e-xr--- 
072 7 |a 549  |x Mineralogie  |2 Konspekt  |9 7 
080 |a 549  |2 MRF 
080 |a 553  |2 MRF 
080 |a (437.3)  |2 MRF 
080 |a (048.8)  |2 MRF 
100 1 |a Pauliš, Petr,  |d 1956-  |7 jn19990209630  |4 aut 
245 1 0 |a Nový přehled minerálů České republiky a jejich lokalit :  |b kompletní přehled 1458 minerálů České republiky s uvedením jejich nejvýznamnějších lokalit = Neue Mineralien Überzicht in der Tschechischen Republik und ihre Lokalitäten.  |n Část 3.,  |p Silikáty, organoidy, literatura /  |c Petr Pauliš 
246 3 0 |a Silikáty, organoidy, literatura 
246 3 1 |a Neue Mineralien Übersicht in der Tschechischen Republik und ihre Lokalitäten 
250 |a 3. doplněné a rozšířené vydání 
264 1 |a Kutná Hora :  |b Kuttna,  |c 2021 
300 |a Strany 242-368 :  |b ilustrace ;  |c 21 cm 
336 |a text  |b txt  |2 rdacontent 
337 |a bez média  |b n  |2 rdamedia 
338 |a svazek  |b nc  |2 rdacarrier 
500 |a Souběžný název je uveden chybně, správně je: Neue Mineralien Übersicht in der Tschechischen Republik und ihre Lokalitäten 
504 |a Obsahuje bibliografii a rejstřík 
650 0 7 |a minerály  |7 ph115322  |z Česko  |2 czenas 
650 0 7 |a minerální ložiska  |7 ph122888  |z Česko  |2 czenas 
650 0 9 |a minerals  |z Czechia  |2 eczenas 
650 0 9 |a mineral deposits  |z Czechia  |2 eczenas 
655 7 |a přehledy  |7 fd133202  |2 czenas 
655 9 |a surveys  |2 eczenas 
910 2 |a BOA001  |b 2-1460.640,3 
990 |a BK 
995 |a 01 
991 |b 202105  |c NOV 
996 6 |b 2610856222  |c 2-1460.640,3  |l MZK  |r Sklad / do 1 hodiny  |n 0  |p p.v.  |w 001842433  |u 000010  |a 1  |e BOA001  |j MZK50  |s P